Harry Potter: Les personnages morts - Statistiques

Statistiques générales
  • Ce quiz a été pris 7 856 fois
    7 200 depuis la dernière actualisation
  • Le résultat moyen est 18 sur 32
Statistiques - réponses
Mort Tué par Assassin / Cause % Correct
James Potter Tué par Lord Voldemort
100%
Lily Potter Tuée par Lord Voldemort
100%
Basilic Tué par Harry Potter
97%
Quirinus Quirrell Tué par Harry Potter
90%
Albus Dumbledore Tué par Severus Rogue
88%
Sirius Black Tué par Bellatrix Lestrange
86%
Cedric Diggory Tué par Peter Pettigrow
81%
Dobby Tué par Bellatrix Lestrange
79%
Lord Voldemort Tué par Harry Potter
77%
Nagini Tuée par Neville Londubat
69%
Bellatrix Lestrange Tuée par Molly Weasley
68%
Bartemius Croupton Sr Tué par Bartemius Croupton Jr
62%
Bertha Jorkins Tuée par Lord Voldemort
62%
Severus Rogue Tué par Nagini
61%
Frank Bryce Tué par Lord Voldemort
60%
Alastor Maugrey Tué par Lord Voldemort
58%
Charity Burbage Tuée par Lord Voldemort
46%
Gellert Grindelwald Tué par Lord Voldemort
46%
Gregorovitch Tué par Lord Voldemort
44%
Bathilda Tourdesac Tuée par Nagini
44%
Rufus Scrimgeour Tué par Lord Voldemort
43%
Amélia Bones Tuée par Lord Voldemort
38%
Vincent Crabbe Tué par Ses propres flammes
38%
Aragog Tué par Maladie
36%
Hedwige Tué par Mangemort
36%
Lavande Brown Tuée par Fenrir Greyback
32%
Peter Pettigrow Tué par Étranglé par lui même
28%
Fred Weasley Tué par Une explosion provoquée par un mangemort
28%
Nymphadora Tonks Tuée par Bellatrix Lestrange
18%
Igor Karkaroff Tué par Mangemort
18%
Colin Crivey Tué par Mangemort
18%
Remus Lupin Tué par Antonin Dolohov
11%
Aucun quiz correspondant
Distribution des résultats
% des personnes avec chaque résultat
Percentile par nombre de réponses
Votre historique - résultats
Vous n’avez pas pris ce quiz depuis la dernière actualisation